000 01211nam a22002654a 4500
001 UTEA
005 20250910123920.0
006 g||||gr||||||01 nz
007 ta
008 250908b pe ||||| |||| 00| 0 spa d
020 _a9788415274841
040 _aUTEA
041 _aspa
082 _a370.15
_bB45 2011
100 _aBergua Amores, José Ángel
_eAutor
245 _aEstilos de la investigación social :
_btécnicas, epistemología, algo de anarquía y una pizca de sociosofía /
_cJosé Angel Bergua Amores
_h[Texto Impreso]
250 _a1ra. edición
260 _aEspaña
_bEditorial Prensas Universitarias de Zaragoza
_c2011
300 _a240 páginas
_c22 cm.
505 _aIntroducción -- Ciencias y reflexividad -- Isomorfismos -- Perspectivas de la investigación social -- Tipos de reflexión teórica -- Frases de la investigación social -- Estilo de la investigación social -- Estilo estructural -- Estilo contextual -- Estilo dialéctico -- Más allá de la investigación social -- Exoducción.
650 _aREFLEXIVIDAD
_959222
650 _aESTILO ESTRUCTURAL
_959223
650 _aESTILO DIALÉCTICO
_959224
942 _2ddc
_cBK
_e2025-09-08
_zMag. Cecilio Flores Noa
999 _c17232
_d17232